[Event "GER Cup"]
[Site "Kassel"]
[Date "2013.05.31"]
[Round "3.13"]
[White "Jahncke, Giso"]
[Black "Schulenburg, Fabian"]
[Result "1-0"]
[WhiteElo "2214"]
[BlackElo "2212"]
[PlyCount "47"]
[EventDate "2013.05.30"]
[EventType "k.o."]
[EventRounds "5"]
[EventCountry "GER"]
[SourceTitle "EXT 2017"]
[Source "ChessBase"]
[SourceDate "2016.10.25"]
[SourceVersion "1"]
[SourceVersionDate "2016.10.25"]
[SourceQuality "1"]

1. e4 e6 2. Qe2 c5 3. c3 Nc6 4. Nf3 d5 5. exd5 Qxd5 6. g3 Nf6 7. Bg2 Qd8 8. 0-0 Be7 9. Rd1 Bd7 10. Na3 0-0 11. Nc4 Qc8 12. Nfe5 Be8 13. a4 Qc7 14. d4 Rd8 15. Bf4 Nd5 16. Bxd5 Rxd5 17. Ng6 e5 18. Ngxe5 Nxe5 19. Bxe5 Qd8 20. Ne3 Rd7 21. dxc5 Bxc5 22. Nf5 Rxd1+ 23. Rxd1 Qc8 24. Qg4 1-0

[Event "GER Cup"]
[Site "Kassel"]
[Date "2013.05.30"]
[Round "2.4"]
[White "Schulenburg, Fabian"]
[Black "Schunk, Thomas"]
[Result "1/2-1/2"]
[WhiteElo "2212"]
[BlackElo "2251"]
[PlyCount "123"]
[EventDate "2013.05.30"]
[EventType "k.o."]
[EventRounds "5"]
[EventCountry "GER"]
[SourceTitle "EXT 2017"]
[Source "ChessBase"]
[SourceDate "2016.10.25"]
[SourceVersion "1"]
[SourceVersionDate "2016.10.25"]
[SourceQuality "1"]

1. e4 e5 2. Nf3 d6 3. d4 Nf6 4. Nc3 Nbd7 5. h3 Be7 6. Be3 0-0 7. Qd2 c6 8. a4 b6 9. Be2 a6 10. 0-0 Bb7 11. dxe5 dxe5 12. Rfd1 b5 13. axb5 axb5 14. Rxa8 Qxa8 15. Nh2 Rd8 16. f3 Nf8 17. Qc1 Ne6 18. Ng4 Nxg4 19. hxg4 Nd4 20. Bd3 Rd7 21. Ne2 Qd8 22. Nxd4 exd4 23. Bf2 Ba6 24. Qa1 Qb6 25. c3 c5 26. cxd4 cxd4 27. Qa2 Bg5 28. Ra1 Rd6 29. e5 Rh6 30. Qd5 Bb7 31. Qxd4 Bd8 32. Bxb5 Qxd4 33. Bxd4 Bb6 34. Rd1 g5 35. Bc4 Ba6 36. Bxa6 Bxd4+ 37. Rxd4 Rxa6 38. Kf2 Ra2 39. Rd2 Ra5 40. Re2 Rb5 41. Ke1 Kf8 42. Kd1 Ke7 43. Kc2 Ke6 44. Kc3 Rc5+ 45. Kd4 Rb5 46. Kc4 Rb8 47. g3 Rc8+ 48. Kd4 Rd8+ 49. Ke4 Rb8 50. f4 Rb4+ 51. Kf3 Rb3+ 52. Kg2 Ke7 53. Rd2 Ke6 54. Rd6+ Ke7 55. fxg5 Rxb2+ 56. Kf3 Kf8 57. Rf6 Kg7 58. Rf4 Rb6 59. Ke4 Rb4+ 60. Kf5 Rb3 61. Rf2 Rxg3 62. Rf1 1/2-1/2

[Event "Oberliga Nord N 1213"]
[Site "Germany"]
[Date "2012.10.14"]
[Round "1.7"]
[White "Jeske, Kirsten"]
[Black "Schulenburg, Fabian"]
[Result "0-1"]
[WhiteElo "2021"]
[BlackElo "2189"]
[PlyCount "74"]
[EventDate "2012.10.14"]
[EventType "team-tourn"]
[EventRounds "9"]
[EventCountry "GER"]
[SourceTitle "EXT 2015"]
[Source "ChessBase"]
[SourceDate "2014.11.20"]
[SourceVersion "1"]
[SourceVersionDate "2014.11.20"]
[SourceQuality "1"]
[WhiteTeam "Rostock"]
[BlackTeam "Hamburg Diogenes"]
[WhiteTeamCountry "GER"]
[BlackTeamCountry "GER"]

1. e4 e6 2. d4 d5 3. exd5 exd5 4. Bd3 Nc6 5. c3 Bd6 6. Qc2 Nge7 7. Ne2 Bg4 8. f3 Bh5 9. Bf4 Bg6 10. 0-0 Bxf4 11. Nxf4 Qd6 12. Ne2 Bxd3 13. Qxd3 g6 14. Na3 0-0 15. Ng3 f5 16. f4 Kg7 17. Nc2 Ng8 18. Rae1 Nf6 19. b3 Rae8 20. Rxe8 Rxe8 21. c4 Nb4 22. Nxb4 Qxb4 23. Ne2 Ng4 24. Qc3 Qe7 25. Nc1 Ne3 26. Re1 Qe4 27. Qd2 Qxf4 28. Ne2 Qg5 29. Nc3 dxc4 30. bxc4 f4 31. d5 Qf6 32. Qd3 Re5 33. Nb5 Nxc4 34. Rc1 Qb6+ 35. Nd4 Ne3 36. Ne6+ Rxe6 37. dxe6 Nd1+ 0-1

[Event "Oberliga Nord N 0910"]
[Site "Germany"]
[Date "2009.12.13"]
[Round "4.5"]
[White "Westphal, Wolfgang"]
[Black "Schulenburg, Fabian"]
[Result "1-0"]
[WhiteElo "2220"]
[BlackElo "2182"]
[PlyCount "125"]
[EventDate "2009.10.18"]
[EventType "team-tourn"]
[EventRounds "9"]
[EventCountry "GER"]
[SourceTitle "EXT 2011"]
[Source "ChessBase"]
[SourceDate "2010.11.26"]
[SourceVersion "1"]
[SourceVersionDate "2010.11.26"]
[SourceQuality "1"]
[WhiteTeam "Neukloster"]
[BlackTeam "Hamburg Diogenes"]
[WhiteTeamCountry "GER"]
[BlackTeamCountry "GER"]

1. e4 e6 2. Nf3 d5 3. e5 c5 4. b4 cxb4 5. d4 Bd7 6. a3 Qb6 7. axb4 Bb5 8. Bxb5+ Qxb5 9. c3 Ne7 10. Qe2 Qxe2+ 11. Kxe2 Nc8 12. Rd1 Na6 13. Rd2 Nc7 14. Rda2 a6 15. Nbd2 Nb5 16. Kd3 Nb6 17. Nb3 Rc8 18. Bd2 Rc7 19. Nc5 h6 20. Ng1 Be7 21. Ne2 Nc4 22. Be1 h5 23. f4 g6 24. g3 Kf8 25. Nc1 Kg7 26. h3 Rhc8 27. Ne2 Ra8 28. Nb3 Rac8 29. Na5 Nxa5 30. Rxa5 Rc4 31. Bd2 Bd8 32. R5a2 Be7 33. Ra5 Kf8 34. Rh1 Kg8 35. g4 hxg4 36. hxg4 R4c6 37. f5 gxf5 38. gxf5 exf5 39. Raa1 Rg6 40. Rh3 Bf8 41. Rah1 Bg7 42. Nf4 Rcc6 43. Nxd5 Kf8 44. c4 Na3 45. b5 Rxc4 46. Bb4+ Rxb4 47. Nxb4 Nxb5 48. Rf1 Rg4 49. Nc2 Rg2 50. Ne3 Ra2 51. Nc4 Nc7 52. Rhf3 b5 53. Ne3 Ra3+ 54. Kc2 f4 55. Rxf4 Ne6 56. Rxf7+ Kg8 57. Nd5 Nxd4+ 58. Kb2 Rh3 59. Ne7+ Kh8 60. Rg1 Ne6 61. Ng6+ Kh7 62. Re7 Nd4 63. Rxg7+ 1-0

[Event "Oberliga Nord N 0910"]
[Site "Germany"]
[Date "2009.11.29"]
[Round "3.7"]
[White "Schulenburg, Fabian"]
[Black "Neumann, Joachim"]
[Result "1/2-1/2"]
[WhiteElo "2182"]
[BlackElo "2171"]
[PlyCount "65"]
[EventDate "2009.10.18"]
[EventType "team-tourn"]
[EventRounds "9"]
[EventCountry "GER"]
[SourceTitle "EXT 2011"]
[Source "ChessBase"]
[SourceDate "2010.11.26"]
[SourceVersion "1"]
[SourceVersionDate "2010.11.26"]
[SourceQuality "1"]
[WhiteTeam "Hamburg Diogenes"]
[BlackTeam "Kiel Meerbauer"]
[WhiteTeamCountry "GER"]
[BlackTeamCountry "GER"]

1. e4 c5 2. Nf3 Nc6 3. d4 cxd4 4. Nxd4 Nf6 5. Nc3 e5 6. Ndb5 d6 7. Bg5 a6 8. Na3 b5 9. Nd5 Be7 10. Bxf6 Bxf6 11. c3 Ne7 12. Nxf6+ gxf6 13. Nc2 d5 14. Bd3 dxe4 15. Bxe4 Qxd1+ 16. Rxd1 Ra7 17. Ne3 Be6 18. Nd5 Nxd5 19. Bxd5 Ke7 20. Bxe6 fxe6 21. Ke2 Rg8 22. g3 Rd7 23. Rxd7+ Kxd7 24. Ke3 Ke7 25. Rd1 Rc8 26. g4 Rc4 27. f3 f5 28. h3 h5 29. Rg1 hxg4 30. hxg4 Kf6 31. gxf5 exf5 32. Rg8 Rc6 33. Rf8+ 1/2-1/2

[Event "Hamburg DCup"]
[Site "Hamburg"]
[Date "2009.09.06"]
[Round "1.5"]
[White "Gollasch, Theo Heinz"]
[Black "Schulenburg, Fabian"]
[Result "0-1"]
[WhiteElo "1997"]
[BlackElo "2137"]
[PlyCount "88"]
[EventDate "2009.09.06"]
[EventType "team"]
[EventRounds "4"]
[EventCountry "GER"]
[SourceTitle "CBM 132 Extra"]
[Source "ChessBase"]
[SourceDate "2009.11.03"]
[SourceVersion "1"]
[SourceVersionDate "2009.11.03"]
[SourceQuality "1"]

1. Nf3 Nf6 2. g3 g6 3. c4 c5 4. Bg2 Bg7 5. Nc3 Nc6 6. d4 cxd4 7. Nxd4 0-0 8. 0-0 Qb6 9. e3 d6 10. b3 Bg4 11. Qd3 Nd7 12. Nd5 Qd8 13. Bb2 Nde5 14. Qd2 e6 15. Nxc6 bxc6 16. Nf4 g5 17. Ne2 d5 18. cxd5 cxd5 19. Nd4 Qf6 20. h3 Bf3 21. Rfc1 Bxg2 22. Kxg2 Nf3 23. Qe2 Nxd4 24. Bxd4 e5 25. Bb2 Rac8 26. Rd1 Rfd8 27. Rd2 Rd7 28. Rad1 Rcd8 29. e4 d4 30. Qc4 Bf8 31. Rd3 Qg6 32. Re1 Bd6 33. Rf3 Rc7 34. Qa6 Bb4 35. Rf6 Bxe1 36. Rxg6+ hxg6 37. Kf1 Bxf2 38. Qf6 Rdc8 39. Qxe5 Rc2 40. Bxd4 Bxd4 41. Qxd4 Rxa2 42. Qe3 Rcc2 43. Qe1 Rh2 44. Kg1 Rag2+ 0-1